|
|
|
|
| LEADER |
00000nam a2200000 a 4500 |
| 001 |
vtls011633813 |
| 003 |
SK-MaSNL |
| 005 |
20260301140931.0 |
| 008 |
240318t1530 gw fa 000 0 lat |
| 015 |
|
|
|a SNBHFA1530
|
| 035 |
|
|
|a C6D38968-AB56-4A63-99E6-602B3C4D6516
|
| 035 |
|
|
|a urn:nbn:sk:snk-am3ha1u
|
| 035 |
|
|
|a urn:nbn:sk:snk-am00cr2b
|
| 040 |
|
|
|a SNK
|b slo
|c SNK
|e AACR2
|
| 041 |
0 |
|
|a lat
|
| 044 |
|
|
|a gw
|c DE
|
| 100 |
1 |
|
|a Goethals, Levinus
|4 aut
|9 494257
|
| 240 |
0 |
|
|a Pro religione Christiana res gestae
|
| 245 |
1 |
0 |
|a Pro Religione Christiana res gestae in Comitijs Augustae Vindelicorũ habitis
|
| 260 |
|
|
|a [Augsburg]
|b [Heinrich Steiner]
|c 1530
|
| 300 |
|
|
|a A4-C3 [=11] l.
|c 4°
|
| 500 |
|
|
|a Iniciálka s ornamentálnym a figurálnym pozadím v rámčeku na 5 r., titulný list v drevorezovom ráme s ornamentálnou a figurálnou výzdobou, erb, kustódy, vodoznak
|
| 501 |
|
|
|a Príväzok 1. k: FRANKOPAN, František. Oratio. Augsburg : Heinrich Steiner, 1541, 4°.
|
| 510 |
4 |
|
|a VD 16 G/2518
|
| 650 |
0 |
7 |
|a teológia
|x snemy cirkevné
|x snemy ríšske
|2 SNK
|9 494258
|
| 700 |
1 |
|
|a Steiner, Heinrich,
|d zomrel 1548
|4 prt
|9 204969
|
| 710 |
2 |
|
|a Steiner, Heinrich (Augsburg, Nemecko),
|d 1521-1548
|4 prt
|9 349056
|
| 752 |
|
|
|a Nemecko
|d Augsburg
|
| 852 |
|
|
|a SNK
|b Zaiova knižnica: Zay M 736, prív. 1.
|p IC 143255
|
| 958 |
|
|
|a ONDV
|
| 999 |
|
|
|c 765488
|d 767418
|
| 952 |
|
|
|t Zay 736
|a SNK
|b SNK
|c SNK_HF
|y PREZ
|7 0
|p 17A1130238
|o snkIC 143255/prív.1
|i snk2017/12708
|8 5
|0 0
|1 0
|4 0
|d 2017-06-01
|f 1
|l 0
|r 2026-02-24 00:17:46
|w 2026-02-24
|